000 00685cab a2200217 4500
001 WB3401-42
008 090401t1998 xxu||||| |||| 00| 0 eng d
035 _a(Sirsi) u83014
041 _aeng
245 _aProperty builds confidence
260 _c1998
350 _a0
490 _aFinancial Times
_v5 January 1998, 8(1)
520 _aThe property market is attracting significant investment after years of sluggish growth. A sign of growing optimism among institutional investors.
650 _aFORECASTS
650 _aINSTITUTIONAL INVESTORS
650 _aPROPERTY INVESTMENT
690 _aPROPERTY-PROPERTY FINANCE AND INVESTMENT
942 _n0
948 _c07/01/1998
999 _c52443
_d52443